Fastest Growing Cities in Illinois - Statistics

General Stats
  • This quiz has been taken 28 times
  • The average score is 2 of 8
Answer Stats
Total Pop Population Gain City % % Correct
149,196 6,808 Naperville 4.78
95%
89,149 7,722 Champaign 9.48
55%
45,950 5,986 Plainfield 14.98
30%
28,362 3,984 Huntley 16.34
15%
27,550 3,219 New Lenox 13.23
15%
36,013 5,353 Oswego 17.46
15%
10,356 5,764 Pingree Grove 125.52
5%
21,211 4,170 Yorkville 24.47
5%
No matching quizzes found
Score Distribution
Percent of People with Each Score
Percentile by Number Answered
Your Score History
You have not taken this quiz